Minecraft terms A-Z - Statistics

General Stats
  • This quiz has been taken 463 times
  • The average score is 23 of 26
Answer Stats
Letter Clue Answer % Correct
C Famous exploding mob Creeper
99%
D Valuable material used for tools Diamond
95%
N Dimension requiring a portal to get to Nether
95%
T Explosive block TNT
94%
L Hot substance lethal to the player Lava
93%
S This animal can be dyed Sheep
92%
V Those who can be traded with Villager
92%
B The act of creating potions Brewing
91%
E Material often used as currency Emerald
91%
G Block used as a logo for the game Grass
91%
I Protector of the village Iron Golem
91%
W Crop that creates bread Wheat
91%
Z Common undead hostile mob Zombie
91%
J Where your music discs can be played Jukebox
90%
K Tall aquatic plant that can be eaten Kelp
90%
X Shortened name for experience points XP
90%
Y Dye colour from dandelions Yellow
90%
P Pink friendly mob Pig
89%
Q White building block obtained through mining ore Quartz
89%
M Developer of the game Mojang
88%
A Purple material gathered from geodes Amethyst
84%
F Enchantment offering a larger chance of higher yield from mining Fortune
82%
U Enchantment prolonging durability Unbreaking
79%
R The power substance Redstone
77%
O Where the Elder Guardian can be found Ocean Monument
71%
H Item needed to build a conduit Heart of the Sea
68%
No matching quizzes found
Score Distribution
Percent of People with Each Score
Percentile by Number Answered
Your Score History
You have not taken this quiz